La vivienda en Cuba en el siglo XX /

Sábháilte in:
Sonraí bibleagrafaíochta
Príomhchruthaitheoir: Segre, Roberto (autor)
Formáid: LEABHAR
Teanga:Spáinnis
Foilsithe / Cruthaithe: México : Concepto, 1980
Ábhair:
Clibeanna: Cuir clib leis
Níl clibeanna ann, Bí ar an gcéad duine le clib a chur leis an taifead seo!

MARC

LEADER 00000nam^a2200000^a^4500
001 000007081
005 20250521000000.0
009 20260310083451.831
037 |a Acervo ITESO - Biblioteca 
041 |a ESP 
082 |a 307. 7  |b SEG 
100 |a Segre, Roberto  |e (autor) 
245 1 3 |a La vivienda en Cuba en el siglo XX /  |c R. Segre. 
264 1 |a México :  |b Concepto,  |c 1980 
300 |a 149 p. 
336 |a texto  |b txt  |2 rdacontenido 
337 |a sin mediación  |b n  |2 rdamedio 
338 |a volumen  |b nc  |2 rdasoporte 
649 |a XX 
650 |a Vivienda -  |z Cuba 
650 |a Arquitectura 
910 |a Fondo General 
920 |a Impresos - Libros 
930 |a Colección General 
905 |a 101 
901 |a 0070810100  |b IT1  |c ACC  |i 007081  |u 20250521 
902 |a https://opac.biblio.iteso.mx/vufind/Record/000007081